000 00925nam a22002657a 4500
003 OSt
005 20250523091529.0
008 240807b |||||||| |||| 00| 0 eng d
020 _a9780323476522 (paperback)
040 _aNUST
_beng
_cNUST
_dNUST
_erda
050 _aRM300 WEC
100 _aWecker, Lynn
_eAuthor
245 _aBrody's human pharmacology :
_bMechanism - Based therapheutics /
_cWecker Lynn.
250 _aSixth edition.
260 _aPhiladelphia :
_bElsevier,
_c2019.
300 _axvi, 714 pages :
_bIllustrations ;
_c28 cm.
336 _2rdacontent
_atext
_btxt
337 _2rdamedia
_aunmediated
_bn
338 _2rdacarrier
_avolume
_bnc
504 _aIncludes bibliographical references and index.
650 _vPharmacology | Drug | Therapy.
700 _aTaylor, David A
_eAuthor
700 _aTheobald, Robert J
_eAuthor
942 _2lcc
_cBOOKS
_eSixth edition.
_hRM300 WEC
_kRM
_mWEC
_n0
999 _c170968
_d170968